P.U.C. Plan Único de Cuentas para Comerciantes 2012

Bibliographic Details
Format: eBook
Language:Spanish
Published: Bogot ̀: Editorial Nueva Legislacin̤, 2012
Subjects:
Online Access:http://www.vlex.com/source/6703

MARC

LEADER 00000nam a22000007a 4500
005 20130426152133.0
007 cr|||| ||||
008 130426e2012 ck |||||s|||| 00||0 spa d
020 |a 9588371775 
035 |a 6703 
040 |a vLex 
090 |c 4204  |d 4204 
245 0 0 |a P.U.C.  |b Plan Único de Cuentas para Comerciantes 2012  |h [Recurso electrn̤ico] 
256 |a Servicio en ln̕ea 
260 |a Bogot ̀:  |b Editorial Nueva Legislacin̤,   |c 2012 
300 |a 1 Recurso electrn̤ico 
506 |d vLex Global  |d vLex Global (Academic Edition, excluding Law Schools)  |d vLex Global (U.S. Academic Edition, Law Schools)  |d vLex Global (U.S. Academic Edition, excluding Law Schools)  |d vLex Global (Academic Edition, Law Schools) 
650 0 4 |a Contabilidad  |z Colombia 
650 0 4 |a Administracin̤ (Management)  |z Colombia 
740 |a vLex Libros (Servicio en ln̕ea) 
856 |a Acceso restringido  |u http://www.vlex.com/source/6703 
942 |c BOOK 
999 0 |a Accounting